[Event "Iberoamerican-ch 9th"]
[Site "Panama City"]
[Date "2023.11.30"]
[Round "7"]
[White "Chinchilla, Alejandro Jose"]
[Black "Ferreira Araujo, Aldair Antonio"]
[Result "1/2-1/2"]
[WhiteElo "2127"]
[BlackElo "1889"]
[PlyCount "210"]
[EventDate "2023.11.25"]
[EventType "swiss"]
[EventRounds "9"]
[EventCountry "PAN"]
[SourceTitle "CB49_2023"]
[SourceDate "2023.12.06"]
[SourceVersion "1"]
[SourceVersionDate "2023.12.06"]
[SourceQuality "1"]

1. e4 c5 2. Nf3 Nc6 3. Bb5 e5 4. 0-0 Bd6 5. c3 Nf6 6. Re1 0-0 7. Bf1 Re8 8. d3 a6 9. a3 Ne7 10. b4 Ng6 11. Nbd2 b5 12. Nb3 cxb4 13. cxb4 Bc7 14. Bb2 Bb6 15. h3 d6 16. Qd2 Bb7 17. Na5 Bxa5 18. bxa5 d5 19. Qb4 dxe4 20. dxe4 Qe7 21. Qxe7 Rxe7 22. a4 b4 23. Rac1 Bxe4 24. Nd2 Bb7 25. Nc4 Ne4 26. f3 Nc3 27. Bxc3 bxc3 28. Rxc3 Rd8 29. Rb3 f6 30. Reb1 Bc6 31. Rb8 Ree8 32. Rxd8 Rxd8 33. Rb6 Bxa4 34. Nd6 Kf8 35. Bxa6 Ne7 36. Bc4 Nc6 37. Nb7 Rd4 38. Bb3 Bxb3 39. Rxc6 Ra4 40. Nc5 Ra1+ 41. Kf2 Bc4 42. a6 Ke7 43. Rb6 f5 44. g4 g6 45. gxf5 gxf5 46. Rh6 Ra5 47. Rxh7+ Kf6 48. a7 Bd5 49. Rh6+ Kg7 50. Rd6 Rxc5 51. Rxd5 Rc2+ 52. Kg3 Ra2 53. Rd7+ Kg6 54. h4 Kh5 55. Rg7 f4+ 56. Kh3 Ra3 57. Rg5+ Kh6 58. Kg4 Rxa7 59. Rxe5 Ra1 60. Re6+ Kg7 61. Kf5 Rh1 62. Kg5 Rg1+ 63. Kf5 Rh1 64. Re7+ Kf8 65. Rh7 Kg8 66. Rh6 Kg7 67. Rg6+ Kf7 68. Rg4 Rh3 69. Rxf4 Rg3 70. h5 Rg1 71. Rg4 Rh1 72. Kg5 Kg7 73. Kf5+ Kf7 74. Kg5 Kg7 75. Ra4 Rg1+ 76. Kf5 Kh6 77. Ra6+ Kg7 78. h6+ Kh7 79. f4 Rf1 80. Kg5 Rh1 81. Kf5 Rf1 82. Kg5 Rg1+ 83. Kf5 Rf1 84. Ra7+ Kxh6 85. Re7 Rf2 86. Re4 Kg7 87. Ke6 Ra2 88. Rd4 Ra6+ 89. Ke5 Ra5+ 90. Ke4 Kf6 91. Rb4 Kf7 92. Rb6 Ra1 93. Kf5 Ra5+ 94. Kg4 Ra1 95. Kg5 Kg7 96. Rb7+ Kg8 97. f5 Ra6 98. Rc7 Kf8 99. Rh7 Kg8 100. Rh6 Rxh6 101. Kxh6 Kf7 102. Kg5 Kg7 103. f6+ Kf8 104. Kg6 Kg8 105. f7+ Kf8 1/2-1/2

[Event "Iberoamerican-ch 9th"]
[Site "Panama City"]
[Date "2023.11.29"]
[Round "6"]
[White "Hurtado, Samuel Alexander"]
[Black "Chinchilla, Alejandro Jose"]
[Result "0-1"]
[WhiteElo "1722"]
[BlackElo "2127"]
[PlyCount "43"]
[EventDate "2023.11.25"]
[EventType "swiss"]
[EventRounds "9"]
[EventCountry "PAN"]
[SourceTitle "CB49_2023"]
[SourceDate "2023.12.06"]
[SourceVersion "1"]
[SourceVersionDate "2023.12.06"]
[SourceQuality "1"]

1. Nf3 g6 2. g3 Bg7 3. Bg2 c5 4. d4 cxd4 5. Nxd4 Nc6 6. Nxc6 bxc6 7. c4 Rb8 8. Nc3 Qa5 9. 0-0 Ba6 10. Bf4 Rb4 11. a3 Rxc4 12. b4 Qd8 13. Qa4 Bxc3 14. Qxa6 Rxf4 15. gxf4 Bxa1 16. Rxa1 Qb8 17. Rd1 Nf6 18. e4 0-0 19. e5 Nh5 20. Rxd7 Nxf4 21. Qxa7 Qc8 22. Qe3 0-1

[Event "Iberoamerican-ch 9th"]
[Site "Panama City"]
[Date "2023.11.26"]
[Round "3"]
[White "Chinchilla, Alejandro Jose"]
[Black "Ordaz Valdes, Lisandra Teresa"]
[Result "0-1"]
[WhiteElo "2127"]
[BlackElo "2306"]
[PlyCount "85"]
[EventDate "2023.11.25"]
[EventType "swiss"]
[EventRounds "9"]
[EventCountry "PAN"]
[SourceTitle "CB49_2023"]
[SourceDate "2023.12.06"]
[SourceVersion "1"]
[SourceVersionDate "2023.12.06"]
[SourceQuality "1"]

1. e4 e5 2. Nf3 Nc6 3. Bc4 Bc5 4. 0-0 Nf6 5. d3 0-0 6. a4 a5 7. h3 h6 8. Be3 Bxe3 9. fxe3 d6 10. Nbd2 Be6 11. Bxe6 fxe6 12. c3 Qd7 13. Qb3 Ne7 14. Rad1 Ng6 15. Kh2 Kh8 16. Nc4 Rfb8 17. Ra1 Re8 18. Rf2 Qc6 19. Qb5 Qxb5 20. axb5 b6 21. g3 Nd7 22. d4 Nf6 23. Nfd2 exd4 24. cxd4 e5 25. Rc1 Ra7 26. dxe5 Nxe5 27. Nxe5 Rxe5 28. Rf5 Re7 29. e5 dxe5 30. Nf3 Nd7 31. Nd2 g6 32. Rff1 Nc5 33. Nc4 Ra8 34. Rf6 Kg7 35. Rc6 Nd3 36. Rf1 Nb4 37. Rcf6 Rd7 38. g4 Rd5 39. h4 Rc5 40. h5 Rxb5 41. Rxg6+ Kh7 42. Rgf6 Rg8 43. Rxh6+ 0-1

[Event "Caribean-chT 24th"]
[Site "San Salvador"]
[Date "2023.07.06"]
[Round "15.2"]
[White "Chinchilla, Alejandro Jose"]
[Black "Ibarra Chami, Luis Fernando"]
[Result "0-1"]
[WhiteElo "2065"]
[BlackElo "2450"]
[PlyCount "116"]
[EventDate "2023.07.06"]
[EventType "tourn"]
[EventRounds "15"]
[EventCountry "ESA"]
[SourceTitle "CBM 215 Extra"]
[Source "ChessBase"]
[SourceDate "2023.09.30"]
[SourceVersion "1"]
[SourceVersionDate "2023.09.30"]
[SourceQuality "1"]
[WhiteTeam "Honduras"]
[BlackTeam "Mexico"]
[WhiteTeamCountry "HON"]
[BlackTeamCountry "MEX"]

1. e4 c5 2. Nf3 Nc6 3. Bb5 g6 4. c3 Bg7 5. d4 cxd4 6. cxd4 Nf6 7. Qe2 d5 8. e5 Ne4 9. 0-0 0-0 10. Bxc6 bxc6 11. Rd1 f6 12. Nc3 Nxc3 13. bxc3 Qa5 14. exf6 exf6 15. h3 Bf5 16. Bf4 Rfe8 17. Qd2 Be4 18. a4 Bxf3 19. gxf3 Qa6 20. Rab1 Qc8 21. Kg2 Re7 22. Re1 Qd7 23. Rxe7 Qxe7 24. Bh6 Re8 25. Bxg7 Kxg7 26. Qf4 Qd7 27. a5 g5 28. Qg4 Qc7 29. a6 Qd6 30. Rb7+ Kg6 31. Qg3 Qxg3+ 32. Kxg3 Re1 33. Rxa7 Ra1 34. f4 Ra3 35. fxg5 Rxc3+ 36. Kg2 fxg5 37. Rc7 Kf5 38. a7 Ra3 39. Rxh7 Ke4 40. Rc7 Kxd4 41. Rxc6 Rxa7 42. Rg6 Kc3 43. Rxg5 d4 44. Rd5 d3 45. Kg3 d2 46. Rd8 Ra4 47. Rxd2 Kxd2 48. h4 Kd3 49. f4 Ke4 50. Kg4 Ra1 51. Kg5 Rg1+ 52. Kf6 Rh1 53. Kg5 Kd5 54. h5 Ke6 55. Kg6 Rg1+ 56. Kh7 Kf7 57. h6 Rg6 58. f5 Rf6 0-1

[Event "Caribean-chT 24th"]
[Site "San Salvador"]
[Date "2023.07.06"]
[Round "13.2"]
[White "Chinchilla, Alejandro Jose"]
[Black "Leon Archibaldo, Orlando Andres"]
[Result "0-1"]
[WhiteElo "2065"]
[BlackElo "2229"]
[PlyCount "94"]
[EventDate "2023.07.06"]
[EventType "tourn"]
[EventRounds "15"]
[EventCountry "ESA"]
[SourceTitle "CBM 215 Extra"]
[Source "ChessBase"]
[SourceDate "2023.09.30"]
[SourceVersion "1"]
[SourceVersionDate "2023.09.30"]
[SourceQuality "1"]
[WhiteTeam "Honduras"]
[BlackTeam "Panama"]
[WhiteTeamCountry "HON"]
[BlackTeamCountry "PAN"]

1. e4 c5 2. Nf3 a6 3. c3 e6 4. Bd3 d5 5. e5 Bd7 6. Bc2 Nc6 7. d4 cxd4 8. cxd4 Nb4 9. 0-0 Nxc2 10. Qxc2 Rc8 11. Nc3 Ne7 12. Qb3 Qc7 13. Bd2 Nc6 14. Ne2 b5 15. Rfc1 Be7 16. a3 0-0 17. Bb4 Bxb4 18. axb4 Qb6 19. Qa3 Ra8 20. h3 h6 21. g3 Rfc8 22. Kg2 a5 23. bxa5 Rxa5 24. Qd6 Rxa1 25. Rxa1 Be8 26. Rc1 Qb8 27. Rc5 b4 28. Nc1 Qxd6 29. exd6 Rd8 30. Ne5 Rxd6 31. Nb3 Nxe5 32. dxe5 Rd8 33. Nd4 Kf8 34. Kf3 Ra8 35. Ke3 Ra2 36. b3 Ra1 37. Rc8 Re1+ 38. Kd3 Rd1+ 39. Ke3 Re1+ 40. Kd3 Rxe5 41. Nc6 Re1 42. Nxb4 Ke7 43. Rc7+ Kd6 44. Rb7 e5 45. Nc2 Rd1+ 46. Kc3 Rf1 47. Rb6+ Kc7 0-1

[Event "Caribean-chT 24th"]
[Site "San Salvador"]
[Date "2023.07.06"]
[Round "8.2"]
[White "Chinchilla, Alejandro Jose"]
[Black "Ynojosa Aponte, Felix Jose"]
[Result "0-1"]
[WhiteElo "2065"]
[BlackElo "2413"]
[PlyCount "76"]
[EventDate "2023.07.06"]
[EventType "tourn"]
[EventRounds "15"]
[EventCountry "ESA"]
[SourceTitle "CBM 215 Extra"]
[Source "ChessBase"]
[SourceDate "2023.09.30"]
[SourceVersion "1"]
[SourceVersionDate "2023.09.30"]
[SourceQuality "1"]
[WhiteTeam "Honduras"]
[BlackTeam "Venezuela"]
[WhiteTeamCountry "HON"]
[BlackTeamCountry "VEN"]

1. b3 e5 2. Bb2 d6 3. d4 Nc6 4. dxe5 dxe5 5. Qxd8+ Kxd8 6. Nc3 Be6 7. 0-0-0+ Ke8 8. e3 f6 9. g3 Bc5 10. Bg2 Nge7 11. Nge2 h5 12. Na4 Bb6 13. h4 Kf7 14. Nxb6 axb6 15. Kb1 Bg4 16. f3 Be6 17. Rd2 Rad8 18. Rhd1 Rxd2 19. Rxd2 Rg8 20. Nc3 g5 21. Ne4 gxh4 22. gxh4 Bf5 23. Bc3 Bxe4 24. fxe4 Rg4 25. Bf3 Rxh4 26. Rg2 Rh3 27. Bd1 Rh1 28. Kc1 Nd8 29. Kd2 Ne6 30. Be2 Ng5 31. Bd3 h4 32. Ke2 h3 33. Rg4 Ng6 34. Bc4+ Kg7 35. Kf2 h2 36. Rxg5 fxg5 37. Kg2 Rc1 38. Kxh2 Rxc2+ 0-1

[Event "Caribean-chT 24th"]
[Site "San Salvador"]
[Date "2023.07.06"]
[Round "1.2"]
[White "Duran Vega, Sergio"]
[Black "Chinchilla, Alejandro Jose"]
[Result "1-0"]
[WhiteElo "2329"]
[BlackElo "2065"]
[PlyCount "39"]
[EventDate "2023.07.06"]
[EventType "tourn"]
[EventRounds "15"]
[EventCountry "ESA"]
[SourceTitle "CBM 215 Extra"]
[Source "ChessBase"]
[SourceDate "2023.09.30"]
[SourceVersion "1"]
[SourceVersionDate "2023.09.30"]
[SourceQuality "1"]
[WhiteTeam "Costa Rica"]
[BlackTeam "Honduras"]
[WhiteTeamCountry "CRI"]
[BlackTeamCountry "HON"]

1. Nf3 d5 2. d4 Nf6 3. c4 e6 4. g3 Be7 5. Bg2 0-0 6. Nc3 dxc4 7. Ne5 Nc6 8. Bxc6 bxc6 9. Nxc6 Qd7 10. Nxe7+ Qxe7 11. Qa4 Bb7 12. f3 c5 13. Qxc4 cxd4 14. Qxd4 Rfd8 15. Qe5 Nd5 16. 0-0 Nxc3 17. Qxc3 Rac8 18. Qa5 Rc2 19. Qxa7 Rxe2 20. Be3 1-0

[Event "Caribean-chT Rapid 24th"]
[Site "San Salvador"]
[Date "2023.07.03"]
[Round "4.2"]
[White "Chinchilla, Alejandro Jose"]
[Black "Del Castilho, Martyn Simon"]
[Result "1/2-1/2"]
[WhiteElo "2162"]
[BlackElo "2179"]
[PlyCount "63"]
[EventDate "2023.07.03"]
[EventType "tourn (rapid)"]
[EventRounds "15"]
[EventCountry "ESA"]
[SourceTitle "CBM 215 Extra"]
[Source "ChessBase"]
[SourceDate "2023.09.30"]
[SourceVersion "1"]
[SourceVersionDate "2023.09.30"]
[SourceQuality "1"]
[WhiteTeam "Honduras"]
[BlackTeam "Barbados"]
[WhiteTeamCountry "HON"]
[BlackTeamCountry "BAR"]

1. e4 c5 2. Nf3 e6 3. d4 cxd4 4. Nxd4 a6 5. c4 Nf6 6. Nc3 Bb4 7. Qd3 d5 8. exd5 exd5 9. Be2 0-0 10. 0-0 Nc6 11. cxd5 Nxd5 12. Nxc6 bxc6 13. Nxd5 Qxd5 14. Rd1 Qxd3 15. Bxd3 Bg4 16. f3 Bc5+ 17. Kf1 Be6 18. Bg5 h6 19. Bh4 a5 20. Bf2 Bxf2 21. Kxf2 Rfd8 22. Be4 Rxd1 23. Rxd1 Bxa2 24. Bxc6 Rb8 25. Rd2 Be6 26. Ke3 Kf8 27. Be4 Ke7 28. g4 Rb3+ 29. Kd4 a4 30. h4 a3 31. bxa3 Rxa3 32. Rb2 1/2-1/2

[Event "Central America-ch 24th"]
[Site "San Salvador"]
[Date "2023.01.21"]
[Round "6"]
[White "Boggiano Pereira, Miguel A"]
[Black "Chinchilla, Alejandro Jose"]
[Result "0-1"]
[WhiteElo "1919"]
[BlackElo "2145"]
[PlyCount "84"]
[EventDate "2023.01.21"]
[EventType "swiss"]
[EventRounds "11"]
[EventCountry "ESA"]
[SourceTitle "CBM 212 Extra"]
[Source "ChessBase"]
[SourceDate "2023.03.31"]
[SourceVersion "1"]
[SourceVersionDate "2023.03.31"]
[SourceQuality "1"]

1. d4 Nf6 2. c4 e6 3. Nc3 d5 4. cxd5 exd5 5. Bg5 c6 6. e3 Be7 7. Bd3 h6 8. Bh4 Nbd7 9. Qc2 Nh5 10. Bxe7 Qxe7 11. 0-0-0 Nb6 12. Nf3 Bg4 13. Qe2 0-0-0 14. h3 Bxf3 15. Qxf3 Nf6 16. Bf5+ Kb8 17. g4 Ka8 18. Rhg1 Nc4 19. Qe2 Nd6 20. Bc2 h5 21. f3 hxg4 22. hxg4 Rh4 23. e4 dxe4 24. fxe4 Nc8 25. Kb1 Nb6 26. Bb3 Nh7 27. Qf2 Rf8 28. d5 Rh6 29. Rh1 Rxh1 30. Rxh1 Ng5 31. dxc6 bxc6 32. Re1 Qe5 33. Qe2 Ne6 34. Rf1 Nd4 35. Qd1 f6 36. Rh1 c5 37. Rh5 g5 38. Bd5+ Nxd5 39. exd5 Re8 40. a3 Rb8 41. Rh7 Qe8 42. d6 Qg6+ 0-1

[Event "Central America-ch 24th"]
[Site "San Salvador"]
[Date "2023.01.21"]
[Round "7"]
[White "Chinchilla, Alejandro Jose"]
[Black "Duran Vega, Sergio"]
[Result "1-0"]
[WhiteElo "2145"]
[BlackElo "2403"]
[PlyCount "75"]
[EventDate "2023.01.21"]
[EventType "swiss"]
[EventRounds "11"]
[EventCountry "ESA"]
[SourceTitle "CBM 212 Extra"]
[Source "ChessBase"]
[SourceDate "2023.03.31"]
[SourceVersion "1"]
[SourceVersionDate "2023.03.31"]
[SourceQuality "1"]

1. e4 c5 2. Nf3 Nc6 3. d4 cxd4 4. Nxd4 Nf6 5. Nc3 e5 6. Ndb5 d6 7. Bg5 a6 8. Na3 b5 9. Bxf6 gxf6 10. Nd5 f5 11. exf5 Bxf5 12. c3 Bg7 13. Nc2 0-0 14. Bd3 Bxd3 15. Qxd3 f5 16. 0-0 Kh8 17. a4 e4 18. Qe2 bxa4 19. Rxa4 a5 20. f4 Rb8 21. Nce3 Qd7 22. Ra2 Bf6 23. Kh1 Bd8 24. Qc4 Bb6 25. Nxb6 Rxb6 26. Rxa5 Rxb2 27. Rxf5 Rxf5 28. Nxf5 d5 29. Qc5 Qxf5 30. Qxc6 Qg4 31. Qe8+ Kg7 32. Qe7+ Kh6 33. Qf6+ Kh5 34. Qe5+ Kh6 35. Qf6+ Kh5 36. g3 h6 37. Qf7+ Qg6 38. g4+ 1-0

[Event "Olympiad-44"]
[Site "Chennai"]
[Date "2022.08.07"]
[Round "9.1"]
[White "Van den Brink, Peter"]
[Black "Chinchilla, Alejandro Jose"]
[Result "0-1"]
[WhiteElo "2167"]
[BlackElo "2166"]
[PlyCount "64"]
[EventDate "2022.07.29"]
[EventType "team-swiss"]
[EventRounds "11"]
[EventCountry "IND"]
[SourceTitle "CBM 210"]
[Source "ChessBase"]
[SourceDate "2022.10.31"]
[SourceVersion "1"]
[SourceVersionDate "2022.10.31"]
[SourceQuality "1"]
[WhiteTeam "Aruba"]
[BlackTeam "Honduras"]
[WhiteTeamCountry "ARN"]
[BlackTeamCountry "HON"]

1. e4 c5 2. c3 Nf6 3. e5 Nd5 4. Nf3 d6 5. d4 cxd4 6. cxd4 Nc6 7. Bc4 e6 8. 0-0 Be7 9. Qe2 0-0 10. Rd1 Na5 11. Bd3 Nb4 12. Nc3 Nxd3 13. Rxd3 b6 14. b4 Nc4 15. Ng5 Bxg5 16. Bxg5 Qxg5 17. Ne4 Qf4 18. Rf3 Qg4 19. h3 Qh4 20. g3 Qh5 21. g4 Qg6 22. Nf6+ gxf6 23. Rxf6 Qg5 24. f4 Qh4 25. Kh2 dxe5 26. fxe5 Qg5 27. Qxc4 Qd2+ 28. Kg3 Bb7 29. Qf1 Qxd4 30. Re1 Rac8 31. Rf4 Rc3+ 32. Kh4 Qd3 0-1

[Event "Olympiad-44"]
[Site "Chennai"]
[Date "2022.07.29"]
[Round "1.1"]
[White "Chinchilla, Alejandro Jose"]
[Black "Yilmaz, Mustafa"]
[Result "0-1"]
[WhiteElo "2166"]
[BlackElo "2634"]
[PlyCount "62"]
[EventDate "2022.07.29"]
[EventType "team-swiss"]
[EventRounds "11"]
[EventCountry "IND"]
[SourceTitle "CBM 210"]
[Source "ChessBase"]
[SourceDate "2022.10.31"]
[SourceVersion "1"]
[SourceVersionDate "2022.10.31"]
[SourceQuality "1"]
[WhiteTeam "Honduras"]
[BlackTeam "Turkey"]
[WhiteTeamCountry "HON"]
[BlackTeamCountry "TUR"]

1. e4 c5 2. Nf3 d6 3. d4 cxd4 4. Nxd4 Nf6 5. Nc3 a6 6. Be3 e5 7. Nf3 Be7 8. Bc4 Be6 9. Bb3 Nbd7 10. Bxe6 fxe6 11. Ng5 Nf8 12. Qf3 h6 13. Qh3 Qd7 14. 0-0 Rg8 15. Nf3 g5 16. Qxh6 Rg6 17. Qh8 0-0-0 18. Nxe5 dxe5 19. Rad1 Qc6 20. Rxd8+ Kxd8 21. a4 Rg8 22. Rd1+ Ke8 23. Qh6 Nxe4 24. Qh5+ Rg6 25. Rd3 Nf6 26. Qd1 Kf7 27. Bd2 N8d7 28. Rg3 g4 29. Qe2 Bd6 30. h3 e4 31. Re3 Bf4 0-1

[Event "Online Olym Div3 E"]
[Site "Chess.com INT"]
[Date "2020.08.08"]
[Round "6.5"]
[White "Chinchilla, Alejandro Jose"]
[Black "Polanco Nunez, Yoel Estarling"]
[Result "1-0"]
[WhiteElo "2178"]
[BlackElo "2196"]
[PlyCount "63"]
[EventDate "2020.08.07"]
[EventType "team-tourn (rapid)"]
[EventRounds "9"]
[EventCountry "USA"]
[SourceTitle "CBM 198"]
[Source "ChessBase"]
[SourceDate "2020.10.31"]
[SourceVersion "1"]
[SourceVersionDate "2020.10.31"]
[SourceQuality "1"]
[WhiteTeam "Honduras"]
[BlackTeam "Dominican Republic"]
[WhiteTeamCountry "HON"]
[BlackTeamCountry "DOM"]

1. b3 c5 2. e3 Nf6 3. Bb2 g6 4. Nf3 Bg7 5. d4 cxd4 6. Nxd4 Nc6 7. Be2 0-0 8. 0-0 d5 9. Nxc6 bxc6 10. c4 a5 11. Nc3 Ne4 12. Qc1 Nxc3 13. Bxc3 Bxc3 14. Qxc3 e6 15. Rfd1 Qb6 16. h4 Qb4 17. Qf6 Ra7 18. h5 Qe7 19. Qc3 Qg5 20. g3 Bb7 21. Kg2 d4 22. exd4 c5+ 23. Bf3 cxd4 24. Rxd4 Qxh5 25. Bxb7 Rxb7 26. c5 Rc8 27. Rad1 Qg5 28. a3 e5 29. Rd5 f6 30. b4 Qf5 31. c6 axb4 32. cxb7 1-0

[Event "Online Olym Div4 E"]
[Site "Chess.com INT"]
[Date "2020.08.02"]
[Round "8.4"]
[White "Chinchilla, Alejandro Jose"]
[Black "Mufandaedza, Moses"]
[Result "1-0"]
[WhiteElo "2178"]
[BlackElo "1975"]
[PlyCount "93"]
[EventDate "2020.07.31"]
[EventType "team-tourn (rapid)"]
[EventRounds "9"]
[EventCountry "USA"]
[SourceTitle "CBM 198"]
[Source "ChessBase"]
[SourceDate "2020.10.31"]
[SourceVersion "1"]
[SourceVersionDate "2020.10.31"]
[SourceQuality "1"]
[WhiteTeam "Honduras"]
[BlackTeam "Bermuda"]
[WhiteTeamCountry "HON"]
[BlackTeamCountry "BER"]

1. b3 e5 2. Bb2 Nc6 3. e3 Nf6 4. Nf3 d6 5. c4 Be7 6. d4 e4 7. Nfd2 d5 8. Be2 0-0 9. Nc3 Bf5 10. a3 a5 11. cxd5 Nxd5 12. Ndxe4 Re8 13. Bf3 Nxc3 14. Nxc3 Bf6 15. 0-0 g5 16. Rc1 Qd7 17. Na4 Nd8 18. Nc5 Qc8 19. g3 Rb8 20. Re1 b6 21. Nd3 Be4 22. Bxe4 Rxe4 23. Qf3 Re6 24. d5 Bxb2 25. Nxb2 Rh6 26. Nc4 Qh3 27. Qg2 Qd7 28. e4 Nb7 29. e5 Nc5 30. Rc3 Re8 31. Rce3 Qb5 32. d6 Nxb3 33. d7 Rd8 34. e6 fxe6 35. Ne5 Nc5 36. Qf3 Nxd7 37. Qf7+ Kh8 38. Qe7 Nxe5 39. Qxd8+ Kg7 40. Rxe5 Qc6 41. Rxg5+ Rg6 42. Rxg6+ hxg6 43. Qe7+ Kh6 44. Rxe6 Qc1+ 45. Kg2 Qc4 46. Qf8+ Kg5 47. Re5+ 1-0

[Event "HON-ch qual1"]
[Site "San Pedro Sula"]
[Date "2019.11.20"]
[Round "5"]
[White "Chinchilla, Alejandro Jose"]
[Black "Mendoza, Edwin"]
[Result "0-1"]
[WhiteElo "2199"]
[BlackElo "1793"]
[PlyCount "56"]
[EventDate "2019.11.18"]
[EventType "swiss"]
[EventRounds "7"]
[EventCountry "HON"]
[SourceTitle "EXT 2021"]
[Source "ChessBase"]
[SourceDate "2020.10.23"]
[SourceVersion "1"]
[SourceVersionDate "2020.10.23"]
[SourceQuality "1"]

1. e4 e5 2. Nf3 Nf6 3. Nc3 Nc6 4. d4 exd4 5. Nxd4 Bb4 6. Nxc6 bxc6 7. Bd3 0-0 8. 0-0 Re8 9. Qf3 h6 10. h3 d5 11. exd5 cxd5 12. Ne2 Bb7 13. Ng3 Ne4 14. Nf5 Re6 15. c3 Bc5 16. Nd4 Rf6 17. Qe2 Qd7 18. Be3 Re8 19. Rfe1 Bf8 20. Bb5 c6 21. Ba6 Bxa6 22. Qxa6 c5 23. Qb5 Qc8 24. Nb3 a6 25. Qa4 Rg6 26. Kh1 Re5 27. Nd2 Rh5 28. Qd1 Qxh3+ 0-1

[Event "HON-ch qual1"]
[Site "San Pedro Sula"]
[Date "2019.11.18"]
[Round "1"]
[White "Chinchilla, Alejandro Jose"]
[Black "Interiano Montoya, Roberto"]
[Result "1-0"]
[WhiteElo "2199"]
[BlackElo "1658"]
[PlyCount "42"]
[EventDate "2019.11.18"]
[EventType "swiss"]
[EventRounds "7"]
[EventCountry "HON"]
[SourceTitle "EXT 2021"]
[Source "ChessBase"]
[SourceDate "2020.10.23"]
[SourceVersion "1"]
[SourceVersionDate "2020.10.23"]
[SourceQuality "1"]

1. e4 c5 2. Nf3 Nf6 3. Nc3 Nc6 4. d4 d5 5. exd5 Nxd5 6. Nxd5 Qxd5 7. Be3 cxd4 8. Nxd4 e5 9. Nb5 Bb4+ 10. c3 Qxd1+ 11. Rxd1 Ba5 12. Bc4 Be6 13. Be2 f6 14. Nd6+ Ke7 15. Nxb7 Kf7 16. Bf3 Nd4 17. Bxd4 exd4 18. Nxa5 Rae8 19. 0-0 dxc3 20. bxc3 Bxa2 21. c4 Rc8 1-0

[Event "Guatemala op"]
[Site "Guatemala City"]
[Date "2019.01.11"]
[Round "6"]
[White "Gonzalez, Renier"]
[Black "Chinchilla, Alejandro Jose"]
[Result "1-0"]
[WhiteElo "2451"]
[BlackElo "2128"]
[PlyCount "75"]
[EventDate "2019.01.09"]
[EventType "swiss"]
[EventRounds "9"]
[EventCountry "GUA"]
[SourceTitle "CBM 188 Extra"]
[Source "ChessBase"]
[SourceDate "2019.02.26"]
[SourceVersion "1"]
[SourceVersionDate "2019.02.26"]
[SourceQuality "1"]

1. Nf3 Nf6 2. b4 g6 3. Bb2 Bg7 4. e3 0-0 5. c4 a5 6. b5 c5 7. a4 b6 8. Be2 Bb7 9. 0-0 d6 10. d4 Ne4 11. Qc2 Qc8 12. Bd3 Nf6 13. Nbd2 Bxf3 14. Nxf3 Nbd7 15. d5 Nh5 16. Bxg7 Nxg7 17. Nd2 Ne5 18. Be2 f5 19. g3 Ra7 20. Rae1 e6 21. dxe6 Qxe6 22. f4 Nf7 23. Bf3 Qf6 24. Nb1 Qd8 25. Nc3 Ne8 26. e4 fxe4 27. Bxe4 Nf6 28. Bxg6 hxg6 29. Qxg6+ Kh8 30. Re6 Ng8 31. Rfe1 Nfh6 32. Nd5 Rg7 33. Qh5 Kh7 34. Re8 Rxe8 35. Rxe8 Qd7 36. Rxg8 Qe6 37. Re8 Qf5 38. Qxf5+ 1-0

[Event "Guatemala op"]
[Site "Guatemala City"]
[Date "2019.01.09"]
[Round "2"]
[White "Almeida Quintana, Omar"]
[Black "Chinchilla, Alejandro Jose"]
[Result "1-0"]
[WhiteElo "2540"]
[BlackElo "2128"]
[PlyCount "53"]
[EventDate "2019.01.09"]
[EventType "swiss"]
[EventRounds "9"]
[EventCountry "GUA"]
[SourceTitle "CBM 188 Extra"]
[Source "ChessBase"]
[SourceDate "2019.02.26"]
[SourceVersion "1"]
[SourceVersionDate "2019.02.26"]
[SourceQuality "1"]

1. d4 Nf6 2. c4 g6 3. Nc3 d5 4. e3 Bg7 5. Qb3 e6 6. Qa3 c6 7. Nf3 a5 8. b3 Na6 9. Bd2 Nb4 10. Rc1 0-0 11. Be2 Bd7 12. 0-0 Ne4 13. Be1 Qe7 14. Na4 c5 15. Nb6 Rad8 16. cxd5 exd5 17. dxc5 Bg4 18. Bxb4 axb4 19. Qxb4 d4 20. exd4 Ng5 21. d5 h5 22. Nxg5 Bxe2 23. Qe4 Qxe4 24. Nxe4 Bxf1 25. Kxf1 f5 26. Nd6 Bh6 27. Rc2 1-0

[Event "Central America-chT"]
[Site "Managua"]
[Date "2015.07.30"]
[Round "5.1"]
[White "Chinchilla, Alejandro Jose"]
[Black "Duran Vega, Sergio"]
[Result "0-1"]
[WhiteElo "2151"]
[BlackElo "2279"]
[PlyCount "74"]
[EventDate "2015.07.27"]
[EventType "team-swiss"]
[EventRounds "5"]
[EventCountry "NCA"]
[SourceTitle "EXT 2016"]
[Source "ChessBase"]
[SourceDate "2015.10.08"]
[SourceVersion "1"]
[SourceVersionDate "2015.10.08"]
[SourceQuality "1"]
[WhiteTeam "Honduras"]
[BlackTeam "Costa Rica"]
[WhiteTeamCountry "HON"]
[BlackTeamCountry "CRI"]

1. e4 c6 2. Nc3 d5 3. Nf3 Nf6 4. e5 Ne4 5. Ne2 e6 6. d3 Nc5 7. Ng3 Ncd7 8. d4 c5 9. c3 Nc6 10. Be2 cxd4 11. cxd4 Bb4+ 12. Bd2 Qa5 13. Bxb4 Qxb4+ 14. Qd2 Nb6 15. Qxb4 Nxb4 16. Kd2 Bd7 17. Rhc1 0-0 18. Ne1 Nc6 19. Ke3 f6 20. f4 g5 21. fxg5 fxe5 22. dxe5 Nxe5 23. b3 Bc6 24. Nf3 Nxf3 25. gxf3 e5 26. Kd2 d4 27. Nh5 Nd7 28. Rf1 Kh8 29. f4 e4 30. Bg4 Nc5 31. b4 e3+ 32. Kc2 Be4+ 33. Kd1 Na4 34. Nf6 Rxf6 35. gxf6 d3 36. Rc1 d2 37. Rc7 Bd3 0-1

[Event "Central America-chT"]
[Site "Managua"]
[Date "2015.07.28"]
[Round "1.1"]
[White "Juarez Flores, Carlos Armando"]
[Black "Chinchilla, Alejandro Jose"]
[Result "1-0"]
[WhiteElo "2419"]
[BlackElo "2151"]
[PlyCount "95"]
[EventDate "2015.07.27"]
[EventType "team-swiss"]
[EventRounds "5"]
[EventCountry "NCA"]
[SourceTitle "EXT 2016"]
[Source "ChessBase"]
[SourceDate "2015.10.08"]
[SourceVersion "1"]
[SourceVersionDate "2015.10.08"]
[SourceQuality "1"]
[WhiteTeam "Guatemala"]
[BlackTeam "Honduras"]
[WhiteTeamCountry "GUA"]
[BlackTeamCountry "HON"]

1. d4 Nf6 2. c4 c5 3. e3 g6 4. Nc3 Bg7 5. Nf3 0-0 6. Be2 cxd4 7. exd4 d5 8. c5 b6 9. cxb6 Qxb6 10. 0-0 Bg4 11. b3 Nc6 12. Na4 Qd8 13. Be3 Ne4 14. Rc1 Qd6 15. h3 Bxf3 16. Bxf3 f5 17. Nc5 f4 18. Nxe4 dxe4 19. Bxe4 fxe3 20. Rxc6 exf2+ 21. Kh1 Qxd4 22. Bd5+ Kh8 23. Qxd4 Bxd4 24. Rc4 Rad8 25. Rxd4 e6 26. Rd2 exd5 27. Rdxf2 Rxf2 28. Rxf2 Kg7 29. Kg1 g5 30. Kf1 Kg6 31. Ke2 h5 32. Kd3 g4 33. h4 Rd7 34. Kd4 Rd8 35. b4 Rb8 36. a3 a5 37. Kc5 axb4 38. axb4 d4 39. g3 d3 40. Kc4 Rd8 41. Rd2 Rc8+ 42. Kxd3 Kf5 43. b5 Rd8+ 44. Kc3 Rc8+ 45. Kb4 Ke4 46. b6 Kf3 47. Rd3+ Ke4 48. Rc3 1-0